| 000 | 01137nam a2200253Ia 4500 | ||
|---|---|---|---|
| 999 |
_c37577 _d37577 |
||
| 001 | 3547 | ||
| 003 | GE_BSU | ||
| 005 | 20190528182607.0 | ||
| 008 | 181216s1998|||| |||||||||||||| ||geo|| | ||
| 020 | _a5505021966 | ||
| 040 | _cGE_BSU | ||
| 041 | _ageo | ||
| 080 | _a54(075.8)+546(075.8) ც-66 | ||
| 100 |
_aცინცაძე, გ. _91759 |
||
| 245 |
_aზოგადი და არაორგანული ქიმიის კურსი : მეორე ნაწილი : სახელმძღვ. / _cგ.ცინცაძე ; ვ. კოკოჩაშვილი ; თ. ცეცხლაძე ; რედ : ი. სემიკინა. |
||
| 264 |
_aთბილისი : _bგანათლება, _c1998. |
||
| 300 |
_a678 გვ .: _bცხ; _c23 სმ. |
||
| 653 | _aზოგადი და არაორგანული ქიმია | ||
| 653 | _aქიმია | ||
| 700 |
_aკოკოჩაშვილი, ვ _91760 |
||
| 700 |
_aცეცხლაძე, თ _91761 |
||
| 700 |
_aსემიკინა, ი _eრედაქტორი _91337 |
||
| 942 |
_cBK _2udc |
||